000 00298nam a2200109Ia 4500
008 200302s9999 xx 000 0 und d
100 _aPercy Brown
245 _aIndian Architecture (Buddhist and Hindu Periods)
260 _bD. B. Taraporevala Sons & Co. Pvt. Ltd.
260 _c1976
300 _a214 P.,
999 _c236
_d236